Top 15 most streamed Gunna songs - Statistics

General Stats
  • This quiz has been taken 142 times
  • The average score is 4 of 15
Answer Stats
Rank Streams Songs % Correct
1. 741,003,066 fukumean
78%
5. 284,409,825 Drip or Drown
41%
2. 389,127,445 DOLLAZ ON MY HEAD
39%
3. 366,714,692 pushin P
37%
4. 304,201,196 P power
36%
11. 128,570,775 Top Off
30%
7. 193,224,974 Who You Foolin
26%
12. 126,077,170 Oh Okay
25%
9. 135,850,139 Baby Birkin
23%
6. 279,485,849 Sold Out Dates
21%
10. 132,559,587 too easy
14%
14. 101,132,719 SKYBOX
12%
8. 169,902,435 Banking On Me
11%
13. 116,898,442 COOLER THAN A BITCH
10%
15. 97,230,790 Speed It Up
6%
No matching quizzes found
Score Distribution
Percent of People with Each Score
Percentile by Number Answered
Your Score History
You have not taken this quiz